| 000 | 00334 a2200133 4500 | ||
|---|---|---|---|
| 003 | Nust | ||
| 005 | 20170207154039.0 | ||
| 040 | _cNust | ||
| 100 | _aSun Microsystems | ||
| 245 |
_aSolaris Volume Manager Administration Guide (E-Book) _cSun Microsystems |
||
| 260 |
_aU.S.A _bSun Microsystems _c© 2006 |
||
| 300 | _a314p; | ||
| 651 | _a(E-Book) | ||
| 942 |
_2ddc _cBK |
||
| 999 |
_c192539 _d192539 |
||